[Event "OLNO 1819 SC Kreuzberg - SC Empor Potsd"]
[Site "?"]
[Date "2019.03.24"]
[Round "8.4"]
[White "Moritz, Aron"]
[Black "Schoene, Ralf"]
[Result "1/2-1/2"]
[WhiteElo "2208"]
[BlackElo "2245"]
[PlyCount "99"]
[EventDate "2019.??.??"]

1. e4 e5 2. Nf3 Nc6 3. Bc4 Bc5 4. c3 Nf6 5. d3 a6 6. Bb3 Ba7 7. Nbd2 d6 8. O-O
O-O 9. h3 h6 10. Re1 Nh5 11. Nf1 Qf6 12. Be3 Nf4 13. d4 g6 14. dxe5 Nxe5 15.
Nxe5 dxe5 16. Kh2 Be6 17. Qf3 Bxb3 18. axb3 Bxe3 19. Nxe3 h5 20. g3 Nd5 21.
Qxf6 Nxf6 22. Nc4 Rfe8 23. Rad1 Rad8 24. Rxd8 Rxd8 25. Re2 Re8 26. Kg2 Nd7 27.
b4 f6 28. Rd2 Nf8 29. Kf3 Kf7 30. Na5 Rb8 31. Ke3 Ke6 32. f4 Ke7 33. Rd5 c6 34.
Rd1 exf4+ 35. gxf4 g5 36. fxg5 fxg5 37. Rf1 Ne6 38. Rf5 Rg8 39. Nxb7 g4 40.
hxg4 hxg4 41. Rf1 g3 42. Na5 c5 43. Rg1 g2 44. bxc5 Nxc5 45. Nc6+ Kd6 46. Nd4
Na4 47. Kf3 Nxb2 48. Rxg2 Rxg2 49. Kxg2 Na4 50. Kf3 1/2-1/2

[Event "OLNO 1819 SC Kreuzberg - SC Empor Potsd"]
[Site "?"]
[Date "2019.03.24"]
[Round "8.5"]
[White "Trenner, Rolf"]
[Black "Lehmann, Klaus"]
[Result "1-0"]
[WhiteElo "2176"]
[BlackElo "2262"]
[PlyCount "171"]
[EventDate "2019.??.??"]

1. d4 Nf6 2. c4 e6 3. Nc3 Bb4 4. Qc2 O-O 5. Nf3 c5 6. dxc5 Na6 7. Bd2 Nxc5 8.
e3 b6 9. Be2 Bb7 10. Rd1 Nfe4 11. Nxe4 Bxe4 12. Qc1 a5 13. O-O Qf6 14. Nd4 Rfc8
15. a3 Bxd2 16. Qxd2 Bc6 17. b4 axb4 18. axb4 Ne4 19. Qd3 Qg6 20. Nxc6 dxc6 21.
Bf3 f5 22. Qd7 Qf7 23. Qd4 c5 24. bxc5 bxc5 25. Qd3 Qg6 26. Bxe4 fxe4 27. Qd6
Ra4 28. Rb1 h6 29. h3 Ra2 30. Rb7 Rc2 31. Re7 Rf8 32. Rxe6 Qf7 33. Rxe4 Rxc4
34. Re7 Qf5 35. g4 Qc2 36. Qd7 Qc3 37. Qe6+ Kh7 38. Rf7 Rxf7 39. Qxf7 Ra4 40.
g5 Qc2 41. gxh6 Kxh6 42. Kh2 Qc4 43. Qxc4 Rxc4 44. Kg3 Kg5 45. Rd1 Kf5 46. Rd7
g5 47. Kf3 Ke6 48. Rg7 Kf6 49. Rg8 Rh4 50. Rc8 Rc4 51. Ke2 Ke5 52. Kd3 Rc1 53.
Rg8 Kf5 54. e4+ Kf6 55. Rf8+ Kg6 56. Kd2 Rc4 57. f3 Rd4+ 58. Kc3 Ra4 59. Rf5
Ra1 60. Kd3 Rc1 61. Kd2 Rc4 62. Rd5 Kf6 63. Ke3 Rc1 64. Rd6+ Kg7 65. Rc6 Rc3+
66. Kf2 Rc1 67. Rd6 Kf7 68. Ke2 Rc2+ 69. Rd2 Rc3 70. Kf2 Rc1 71. Kg3 Rg1+ 72.
Rg2 Rc1 73. h4 gxh4+ 74. Kxh4 c4 75. Kg4 c3 76. Kf5 c2 77. f4 Ke7 78. e5 Kf7
79. Rh2 Ke7 80. Rd2 Kf7 81. Rd7+ Ke8 82. Rc7 Kd8 83. Rc5 Ke7 84. e6 Ke8 85. Kf6
Kd8 86. f5 1-0

[Event "OLNO 1819 SC Kreuzberg - SC Empor Potsd"]
[Site "?"]
[Date "2019.03.24"]
[Round "8.6"]
[White "Glienke, Manfred"]
[Black "Wuttke, Hans"]
[Result "1/2-1/2"]
[WhiteElo "2240"]
[BlackElo "2144"]
[PlyCount "33"]
[EventDate "2019.??.??"]

1. Nf3 g6 2. d4 Bg7 3. Bf4 d6 4. h3 Nf6 5. e3 O-O 6. Be2 b6 7. O-O Bb7 8. c4
Nbd7 9. Nc3 Re8 10. Rc1 e5 11. Bh2 exd4 12. exd4 Ne4 13. Bf4 h6 14. Re1 Kh7 15.
Nxe4 Bxe4 16. Be3 Nf6 17. Nd2 1/2-1/2

[Event "OLNO 1819 SC Kreuzberg - SC Empor Potsd"]
[Site "?"]
[Date "2019.03.24"]
[Round "8.7"]
[White "Germann, Heike"]
[Black "Holzapfel, Daniel"]
[Result "1/2-1/2"]
[WhiteElo "2074"]
[BlackElo "2253"]
[PlyCount "107"]
[EventDate "2019.??.??"]

1. d4 Nf6 2. c4 e6 3. Nc3 Bb4 4. e3 O-O 5. Nge2 d5 6. a3 Bd6 7. cxd5 exd5 8. b4
Bf5 9. Ng3 Bg6 10. Bd3 Bxd3 11. Qxd3 Re8 12. O-O c6 13. b5 Nbd7 14. a4 c5 15.
dxc5 Nxc5 16. Qd1 Be5 17. Bb2 d4 18. exd4 Qxd4 19. Qxd4 Bxd4 20. Nd1 Rad8 21.
Bxd4 Rxd4 22. Nc3 Rc4 23. Nge2 Nxa4 24. Rfc1 Nxc3 25. Nxc3 Rec8 26. Ne2 Rxc1+
27. Nxc1 Rc5 28. f3 Rxb5 29. Rxa7 Kf8 30. Ne2 Rb2 31. Nd4 g6 32. Ra8+ Ke7 33.
Rb8 Nd5 34. Nc6+ Kd6 35. Na5 Ne3 36. Re8 Nxg2 37. Nc4+ Kd7 38. Nxb2 Kxe8 39.
Kxg2 f5 40. f4 h6 41. Nc4 Ke7 42. Kf3 g5 43. Ke3 b5 44. Nb2 b4 45. Nd3 b3 46.
Kd4 gxf4 47. Nxf4 b2 48. Nd5+ Kf7 49. Nc3 Kf6 50. Ke3 Kg5 51. Kf3 Kh4 52. Kf4
Kh3 53. Kxf5 Kxh2 54. Kg6 1/2-1/2

[Event "OLNO 1819 SC Kreuzberg - SC Empor Potsd"]
[Site "?"]
[Date "2019.03.24"]
[Round "8.8"]
[White "Dyballa, Markus"]
[Black "Puhlmann, Rainer"]
[Result "1/2-1/2"]
[WhiteElo "2202"]
[BlackElo "2084"]
[PlyCount "40"]
[EventDate "2019.??.??"]

1. Nf3 e6 2. c4 d5 3. b3 Nf6 4. Bb2 Be7 5. g4 O-O 6. g5 Ne4 7. h4 c5 8. Bg2 Nc6
9. d3 Nd6 10. Rg1 d4 11. a3 a5 12. Nbd2 e5 13. Qc2 Bf5 14. O-O-O a4 15. bxa4
Qd7 16. Nb3 b6 17. a5 Qc7 18. Nfd2 Nb7 19. Bd5 bxa5 20. Ne4 Bxe4 1/2-1/2

[Event "OLNO 1819 SG Güstrow-Teterow - TuS Mak"]
[Site "?"]
[Date "2019.03.24"]
[Round "8.1"]
[White "Kiesekamp, Marcos"]
[Black "Waschk, Armin"]
[Result "0-1"]
[WhiteElo "2305"]
[BlackElo "2118"]
[PlyCount "141"]
[EventDate "2019.??.??"]

1. d4 Nf6 2. c4 e6 3. Nc3 Bb4 4. e3 d5 5. Bd3 dxc4 6. Bxc4 a6 7. Nf3 b5 8. Bd3
Bb7 9. O-O Nbd7 10. Qe2 c5 11. Rd1 cxd4 12. exd4 O-O 13. a4 bxa4 14. Rxa4 a5
15. Bg5 h6 16. Bh4 Qb6 17. Raa1 Rac8 18. Na4 Qa7 19. Ne5 Bd5 20. Nc4 Kh8 21.
Bxf6 Nxf6 22. Nab6 Rcd8 23. Nxd5 Rxd5 24. Ne5 Qxd4 25. Nf3 Qb6 26. h3 Bc5 27.
Bc4 Rf5 28. Bd3 Rf4 29. Rd2 Nd5 30. g3 Rb4 31. Ne5 Qd6 32. Kg2 Ne3+ 33. fxe3
Qxe5 34. Rxa5 Qxe3 35. Rb5 Qg1+ 36. Kf3 Rd8 37. Rxb4 Bxb4 38. Rd1 Qd4 39. Bc2
Qf6+ 40. Kg2 Rxd1 41. Qxd1 g6 42. b3 Qc3 43. Qe2 Kg7 44. Qd1 Qc6+ 45. Kh2 Qc5
46. Kg2 h5 47. Be4 Qe5 48. Qf3 Qb2+ 49. Kf1 Bd6 50. Qd3 Qe5 51. Kg2 f5 52. Bc6
g5 53. Be8 Kh6 54. Bd7 Kg7 55. Kf1 Kf6 56. Qf3 Qa1+ 57. Kg2 g4 58. hxg4 hxg4
59. Qe3 Qb2+ 60. Kf1 Qb1+ 61. Kg2 Qc2+ 62. Kf1 Qd1+ 63. Kf2 Bxg3+ 64. Kxg3 Qxd7
65. Qf4 Qd3+ 66. Kf2 Qd7 67. b4 Qa7+ 68. Kg2 Qa2+ 69. Kg1 Qb1+ 70. Kf2 Qc2+ 71.
Kf1 0-1

[Event "OLNO 1819 SG Güstrow-Teterow - TuS Mak"]
[Site "?"]
[Date "2019.03.24"]
[Round "8.2"]
[White "Dettmann, Gerd"]
[Black "Krefenstein, Sergej"]
[Result "0-1"]
[WhiteElo "2114"]
[BlackElo "2113"]
[PlyCount "50"]
[EventDate "2019.??.??"]

1. e4 c6 2. d4 d5 3. exd5 cxd5 4. Nf3 Nf6 5. Ne5 g6 6. Nd2 Bg7 7. Bd3 Nc6 8.
Ndf3 O-O 9. c3 Ne8 10. O-O f6 11. Nxc6 bxc6 12. Re1 Nd6 13. Bf4 Bg4 14. Be2 Re8
15. h3 Bf5 16. Qa4 e5 17. dxe5 fxe5 18. Be3 Qc7 19. Rad1 Reb8 20. Bc1 Ne4 21.
Rf1 Bf8 22. Nh4 Nc5 23. Qa3 Bc2 24. Rde1 Nd3 25. b4 a5 0-1

[Event "OLNO 1819 SG Güstrow-Teterow - TuS Mak"]
[Site "?"]
[Date "2019.03.24"]
[Round "8.3"]
[White "Gazmaga, Stefan"]
[Black "Luther, Alexander"]
[Result "1-0"]
[WhiteElo "2136"]
[BlackElo "2060"]
[PlyCount "99"]
[EventDate "2019.??.??"]

1. d4 Nf6 2. c4 e6 3. Nf3 d5 4. g3 Be7 5. Bg2 O-O 6. O-O dxc4 7. Ne5 Nc6 8.
Bxc6 bxc6 9. Nxc6 Qe8 10. Nxe7+ Qxe7 11. Qa4 Qd6 12. Rd1 Qa6 13. Qc2 Bb7 14.
Na3 Qc6 15. f3 Ba6 16. b3 c3 17. e4 Nd7 18. Nb1 f5 19. Qxc3 Qxc3 20. Nxc3 fxe4
21. fxe4 Rf3 22. Na4 e5 23. dxe5 Nxe5 24. Bf4 Nd3 25. Rf1 Rxf1+ 26. Rxf1 c6 27.
Bd6 Re8 28. Rf3 h6 29. Re3 Ne5 30. Nc5 Bc8 31. Kg2 Nf7 32. Rd3 Bg4 33. h3 Bh5
34. Bc7 Bg6 35. Rd4 Ng5 36. e5 Bf7 37. h4 Ne6 38. Nxe6 Bxe6 39. Bd6 g5 40. Kf2
Kf7 41. Ra4 Ra8 42. Ra6 Bd5 43. hxg5 hxg5 44. Ke3 Ke6 45. Kd4 Kf5 46. b4 Kg4
47. b5 Kxg3 48. e6+ Kg4 49. e7 Bf7 50. b6 1-0

[Event "OLNO 1819 SG Güstrow-Teterow - TuS Mak"]
[Site "?"]
[Date "2019.03.24"]
[Round "8.4"]
[White "Seiler, Dirk"]
[Black "Sawlin, Michail"]
[Result "0-1"]
[WhiteElo "2131"]
[BlackElo "2160"]
[PlyCount "118"]
[EventDate "2019.??.??"]

1. d4 d5 2. c4 c6 3. Nc3 Nf6 4. Nf3 g6 5. Bg5 Bg7 6. e3 O-O 7. Bd3 Nbd7 8. O-O
dxc4 9. Bxc4 Nb6 10. Bb3 Bg4 11. h3 Bf5 12. Qe2 Ne4 13. Bf4 Nxc3 14. bxc3 Nd5
15. Bxd5 cxd5 16. c4 dxc4 17. Qxc4 Rc8 18. Qb5 Be4 19. Rac1 Bc6 20. Qb3 Qd5 21.
Qxd5 Bxd5 22. a3 Rfd8 23. Bc7 Re8 24. Rfe1 Bc6 25. Bf4 e6 26. Bd6 Bf8 27. Bxf8
Kxf8 28. Ne5 Ba4 29. Rb1 b6 30. Rec1 Ke7 31. f3 f6 32. Ng4 Bc2 33. Ra1 Rc3 34.
Kf1 Rec8 35. Ke1 h5 36. Nf2 Ba4 37. Kd2 Rc2+ 38. Rxc2 Rxc2+ 39. Ke1 Bb5 40. Ne4
Rxg2 41. Rc1 Rg1+ 42. Kd2 Rxc1 43. Kxc1 h4 44. f4 Bf1 45. Nf2 g5 46. fxg5 fxg5
47. Kd2 Bg2 48. Kd3 Kd6 49. e4 b5 50. Kc3 a5 51. Kd3 Kc6 52. Kc3 Bf1 53. Kb3
Kd6 54. Kc3 e5 55. d5 Kc5 56. Kb3 Bc4+ 57. Kc3 b4+ 58. axb4+ axb4+ 59. Kd2 Bb5
0-1

[Event "OLNO 1819 SG Güstrow-Teterow - TuS Mak"]
[Site "?"]
[Date "2019.03.24"]
[Round "8.5"]
[White "Emig, Edgar"]
[Black "Kiel, Bernd"]
[Result "1/2-1/2"]
[WhiteElo "2144"]
[BlackElo "1980"]
[PlyCount "42"]
[EventDate "2019.??.??"]

1. e4 d5 2. exd5 Nf6 3. c4 e6 4. Nf3 exd5 5. d4 Bb4+ 6. Bd2 Bxd2+ 7. Nbxd2 O-O
8. Be2 dxc4 9. Nxc4 Re8 10. Nce5 c5 11. Bc4 Be6 12. O-O Bxc4 13. Nxc4 Na6 14.
Rc1 cxd4 15. Qxd4 Qxd4 16. Nxd4 Nb4 17. a3 Nbd5 18. b4 Rf8 19. Rfd1 Rad8 20. g3
a6 21. Rd3 Rc8 1/2-1/2

[Event "OLNO 1819 SG Güstrow-Teterow - TuS Mak"]
[Site "?"]
[Date "2019.03.24"]
[Round "8.6"]
[White "Dettmann, Holger"]
[Black "Paris, Grigori"]
[Result "1/2-1/2"]
[WhiteElo "2020"]
[BlackElo "1978"]
[PlyCount "31"]
[EventDate "2019.??.??"]

1. d4 d5 2. Bf4 Nf6 3. Nc3 e6 4. Qd2 Bb4 5. f3 c5 6. e3 O-O 7. a3 cxd4 8. axb4
dxc3 9. Qxc3 Re8 10. Bc7 Qe7 11. Bxb8 Rxb8 12. Bb5 Bd7 13. Bxd7 Nxd7 14. Rxa7
Rec8 15. Qd2 Ne5 16. Nh3 1/2-1/2

[Event "OLNO 1819 SG Güstrow-Teterow - TuS Mak"]
[Site "?"]
[Date "2019.03.24"]
[Round "8.7"]
[White "Schmidt, Jevgen"]
[Black "Ramp, Oliver"]
[Result "1/2-1/2"]
[WhiteElo "1862"]
[BlackElo "1939"]
[PlyCount "59"]
[EventDate "2019.??.??"]

1. d4 Nf6 2. c4 e6 3. Nc3 b6 4. e4 d6 5. Nf3 Be7 6. Bd3 Bb7 7. Qc2 h6 8. O-O
O-O 9. Rd1 Nc6 10. a3 e5 11. Ne2 Nxd4 12. Nexd4 exd4 13. Nxd4 Nd7 14. b3 Ne5
15. Be2 Qc8 16. Nf5 Bf6 17. Be3 Nc6 18. Rac1 Ne7 19. Ng3 Ng6 20. b4 a5 21. c5
dxc5 22. bxc5 bxc5 23. Bxc5 Be7 24. Bd4 Ba6 25. Nf5 Bxe2 26. Qxe2 f6 27. Qc4+
Kh7 28. Rb1 Bd6 29. Qd3 Nf4 30. Qc4 1/2-1/2

[Event "OLNO 1819 Greifswalder SV - SK König Te"]
[Site "?"]
[Date "2019.03.24"]
[Round "8.1"]
[White "Giemsa, Stephan"]
[Black "Mueller, Nick"]
[Result "1/2-1/2"]
[WhiteElo "2301"]
[BlackElo "2364"]
[PlyCount "46"]
[EventDate "2019.??.??"]

1. d4 d5 2. c4 c6 3. Nf3 Nf6 4. e3 Bg4 5. h3 Bh5 6. g4 Bg6 7. Ne5 e6 8. Nd2
Nbd7 9. Nxg6 hxg6 10. Bg2 g5 11. O-O Bd6 12. Re1 Qe7 13. e4 dxe4 14. Nxe4 Nxe4
15. Rxe4 O-O-O 16. Qa4 Bb8 17. c5 Nf8 18. b4 a6 19. Qb3 Ng6 20. a4 Qc7 21. Qg3
Qe7 22. Qb3 Qc7 23. Qg3 Qe7 {(=)} 1/2-1/2

[Event "OLNO 1819 Greifswalder SV - SK König Te"]
[Site "?"]
[Date "2019.03.24"]
[Round "8.2"]
[White "Leisner, Hannes"]
[Black "Anibar, Ahmed"]
[Result "0-1"]
[WhiteElo "2293"]
[BlackElo "2262"]
[PlyCount "70"]
[EventDate "2019.??.??"]

1. Nf3 Nf6 2. c4 c5 3. g3 g6 4. Bg2 Bg7 5. O-O O-O 6. Nc3 Nc6 7. d4 cxd4 8.
Nxd4 Qa5 9. Nb3 Qh5 10. e4 Qxd1 11. Rxd1 d6 12. h3 Be6 13. Nd5 Rfc8 14. f4 Nd7
15. Rb1 a5 16. Be3 a4 17. Nd2 Bxd5 18. cxd5 Nb4 19. a3 Nc2 20. Bf2 Nc5 21. Bf1
Rab8 22. h4 b5 23. Kg2 b4 24. axb4 Rxb4 25. Rdc1 Nd4 26. Nf3 Ndb3 27. Bxc5 Rxc5
28. Rxc5 Nxc5 29. e5 a3 30. Ra1 axb2 31. Rb1 Na4 32. Bd3 Nc3 33. Re1 b1=Q 34.
Bxb1 Rxb1 35. exd6 exd6 0-1

[Event "OLNO 1819 Greifswalder SV - SK König Te"]
[Site "?"]
[Date "2019.03.24"]
[Round "8.3"]
[White "Dimitrijeski, Kristian"]
[Black "Weber, Max"]
[Result "1/2-1/2"]
[WhiteElo "2162"]
[BlackElo "2222"]
[PlyCount "62"]
[EventDate "2019.??.??"]

1. d4 Nf6 2. c4 c5 3. d5 b5 4. cxb5 a6 5. e3 Bb7 6. Nc3 Qa5 7. Bd2 axb5 8. Bxb5
Qb6 9. Nf3 Nxd5 10. Nxd5 Bxd5 11. a4 Qg6 12. O-O e6 13. Bc3 Be7 14. Bd3 f5 15.
Qe2 O-O 16. Rfb1 Nc6 17. Bc4 Be4 18. Rd1 d5 19. Bb5 Na7 20. Bd3 Nc6 21. Bb5 Na7
22. Bd3 f4 23. Bxe4 Qxe4 24. Re1 fxe3 25. Qxe3 Qxe3 26. Rxe3 d4 27. Rxe6 dxc3
28. Rxe7 cxb2 29. Rb1 Nc6 30. Re2 Rxa4 31. Rexb2 Rb4 {(=)} 1/2-1/2

[Event "OLNO 1819 Greifswalder SV - SK König Te"]
[Site "?"]
[Date "2019.03.24"]
[Round "8.4"]
[White "Stubbe, Wilko"]
[Black "Jahnz, Fabian"]
[Result "1/2-1/2"]
[WhiteElo "2202"]
[BlackElo "2256"]
[PlyCount "39"]
[EventDate "2019.??.??"]

1. Nf3 d5 2. g3 Bg4 3. Bg2 Nd7 4. d3 Ngf6 5. Nbd2 c6 6. O-O e5 7. c4 Bd6 8.
cxd5 cxd5 9. h3 Bh5 10. Nh4 Bg6 11. Nxg6 hxg6 12. e4 dxe4 13. Nxe4 Nxe4 14.
dxe4 Bc5 15. Qd5 Qb6 16. Be3 Bxe3 17. fxe3 f6 18. Kh2 Ke7 19. Rfd1 Rhd8 20. b4
{(=)} 1/2-1/2

[Event "OLNO 1819 Greifswalder SV - SK König Te"]
[Site "?"]
[Date "2019.03.24"]
[Round "8.5"]
[White "Niehaus, Frank"]
[Black "Stopsack, Malte"]
[Result "1/2-1/2"]
[WhiteElo "2162"]
[BlackElo "2212"]
[PlyCount "84"]
[EventDate "2019.??.??"]

1. e4 g6 2. d4 Bg7 3. Nc3 d6 4. f4 a6 5. Nf3 b5 6. Bd3 Nd7 7. O-O Bb7 8. e5 c5
9. Be4 Bxe4 10. Nxe4 dxe5 11. dxe5 Nh6 12. Qe2 O-O 13. a4 Qb6 14. Rd1 Qc6 15.
Nc3 b4 16. Nd5 Rfe8 17. Qc4 Rac8 18. Nxb4 Nb6 19. Nxc6 Nxc4 20. b3 Rxc6 21.
bxc4 f6 22. Rb1 Nf7 23. Bb2 fxe5 24. Bxe5 Nxe5 25. fxe5 g5 26. h3 h5 27. Rd5 g4
28. hxg4 hxg4 29. Nh2 e6 30. Rd7 Bxe5 31. Rbb7 Rd6 32. Nxg4 Rxd7 33. Rxd7 Bg7
34. Kf1 Rb8 35. Rd6 Rb4 36. Rxa6 Rxc4 37. Ne3 Rf4+ 38. Ke2 Kf7 39. Ra7+ Kg6 40.
a5 Bd4 41. Nc4 Rf2+ 42. Kd3 Rxg2 {(=)} 1/2-1/2

[Event "OLNO 1819 Greifswalder SV - SK König Te"]
[Site "?"]
[Date "2019.03.24"]
[Round "8.8"]
[White "Kuersten, Ruediger"]
[Black "Acikel, Mert"]
[Result "1-0"]
[WhiteElo "2163"]
[BlackElo "2069"]
[PlyCount "67"]
[EventDate "2019.??.??"]

1. d4 d5 2. c4 e6 3. Nf3 Nf6 4. e3 b6 5. Nc3 Ba6 6. Ne5 Bd6 7. Qa4+ Nfd7 8.
Nxd7 Qxd7 9. Qxd7+ Nxd7 10. cxd5 Bxf1 11. Rxf1 exd5 12. Nxd5 c5 13. Bd2 O-O 14.
O-O-O cxd4 15. exd4 Rac8+ 16. Kb1 Rc4 17. Be3 f5 18. Bg5 f4 19. b3 Rc6 20. Be7
Rf7 21. Rfe1 Nf8 22. Nb4 Bxb4 23. Bxb4 Rg6 24. Re8 a5 25. Ba3 b5 26. Bc5 Rxg2
27. d5 Rxh2 28. d6 Rd7 29. Rde1 Rh6 30. R1e7 Rdxd6 31. Rd7 Rhe6 32. Rxf8+ Kxf8
33. Rxd6 Re1+ 34. Rd1+ 1-0

[Event "OLNO 1819 SF Berlin III - SC Weisse Dam"]
[Site "?"]
[Date "2019.03.24"]
[Round "8.1"]
[White "Moeller, Hendrik"]
[Black "Wintzer, Joachim"]
[Result "1-0"]
[WhiteElo "2287"]
[BlackElo "2277"]
[PlyCount "121"]
[EventDate "2019.??.??"]

1. c4 e5 2. g3 c6 3. d4 e4 4. Nc3 d5 5. Bg2 Nf6 6. Bg5 Bb4 7. Rc1 Nbd7 8. cxd5
cxd5 9. Nh3 h6 10. Bxf6 Bxc3+ 11. Rxc3 Nxf6 12. O-O O-O 13. Qb3 b6 14. Rfc1 Ba6
15. Bf1 Qd7 16. Nf4 g5 17. Ng2 Rfc8 18. Qa3 Rxc3 19. Rxc3 Bb5 20. Ne3 Rd8 21.
b3 Kh7 22. Qc1 Qe6 23. a4 Bd7 24. Rc7 a5 25. f3 Ne8 26. Rc3 Nd6 27. Bg2 Re8 28.
Qc2 Kg7 29. fxe4 dxe4 30. g4 h5 31. gxh5 Qf6 32. Qd2 Qf4 33. Nc4 Qxd2 34. Nxd2
f5 35. Rc7 Re7 36. e3 Kf6 37. Bf1 Be8 38. Rxe7 Kxe7 39. h6 Kf6 40. Bc4 Kg6 41.
Kf2 Kxh6 42. Kg3 Bh5 43. Be6 Kg6 44. Nc4 Nxc4 45. bxc4 Kf6 46. Bd7 Bf7 47. Bb5
Bh5 48. h4 gxh4+ 49. Kxh4 Bg4 50. Kg3 Ke6 51. Kf4 Kd6 52. Be8 Ke7 53. Bc6 Bh3
54. Ke5 Bg4 55. Bb5 Kd8 56. Kd6 f4 57. exf4 e3 58. c5 bxc5 59. dxc5 e2 60. c6
e1=Q 61. c7+ 1-0

[Event "OLNO 1819 SF Berlin III - SC Weisse Dam"]
[Site "?"]
[Date "2019.03.24"]
[Round "8.3"]
[White "Pfeffer, Ruprecht"]
[Black "Andersen, Hans-Christoph"]
[Result "0-1"]
[WhiteElo "2251"]
[BlackElo "2186"]
[PlyCount "56"]
[EventDate "2019.??.??"]

1. e4 c6 2. d4 d5 3. f3 e6 4. Nc3 Bb4 5. Bf4 Ne7 6. a3 Ba5 7. Nge2 O-O 8. Qd3
Nd7 9. e5 a6 10. g3 c5 11. dxc5 Nxc5 12. Qd2 Nd7 13. Kf2 Bc7 14. Nd4 Nxe5 15.
Re1 N5c6 16. Bxc7 Qxc7 17. Kg2 Nxd4 18. Qxd4 Nf5 19. Qf2 d4 20. Nd1 e5 21. Bd3
Be6 22. g4 Ne7 23. Qe2 f6 24. h4 Nd5 25. Qe4 Nf4+ 26. Kg3 g6 27. c4 Nxd3 28.
Qxd3 e4+ 0-1

[Event "OLNO 1819 SF Berlin III - SC Weisse Dam"]
[Site "?"]
[Date "2019.03.24"]
[Round "8.4"]
[White "Noetzel, Felix"]
[Black "Abraham, Ingo"]
[Result "1-0"]
[WhiteElo "2202"]
[BlackElo "2206"]
[PlyCount "57"]
[EventDate "2019.??.??"]

1. e4 c5 2. d4 cxd4 3. c3 Nf6 4. e5 Nd5 5. Nf3 e6 6. Bc4 Nb6 7. Bb3 dxc3 8.
Nxc3 d5 9. O-O Nc6 10. Qe2 Be7 11. Rd1 O-O 12. Bc2 f6 13. exf6 gxf6 14. Nd4 Ne5
15. f4 Ng6 16. Nxe6 Bxe6 17. Qxe6+ Kh8 18. Bxg6 Bc5+ 19. Kh1 hxg6 20. Nxd5 Qc8
21. Qe4 Nxd5 22. Qxd5 Rd8 23. Qb3 Rxd1+ 24. Qxd1 Qd8 25. Bd2 Bd4 26. f5 Qe8 27.
Qf3 Bxb2 28. Rb1 Rd8 29. fxg6 1-0

[Event "OLNO 1819 SF Berlin III - SC Weisse Dam"]
[Site "?"]
[Date "2019.03.24"]
[Round "8.5"]
[White "Uhl, Heinz"]
[Black "Weber, Daniel"]
[Result "1-0"]
[WhiteElo "2142"]
[BlackElo "2090"]
[PlyCount "113"]
[EventDate "2019.??.??"]

1. c4 Nf6 2. Nc3 g6 3. g3 Bg7 4. Bg2 O-O 5. Nf3 d6 6. O-O Nc6 7. Rb1 a5 8. a3
e5 9. b4 axb4 10. axb4 e4 11. Ne1 Ne5 12. Nxe4 Nxe4 13. Bxe4 Nxc4 14. Nc2 d5
15. Bg2 c6 16. b5 Re8 17. Nb4 Qd6 18. bxc6 bxc6 19. d3 Na3 20. Rb3 Nb5 21. Bf4
Qc5 22. Be3 Bd4 23. Qc1 Nc3 24. Kh1 Bxe3 25. fxe3 Rb8 26. Qxc3 Qxc3 27. Rxc3
Rxb4 28. Rxc6 Be6 29. Rd6 Rb2 30. Re1 Bg4 31. Bxd5 Bxe2 32. Rd7 Rxe3 33. Rxf7
Rxd3 34. Rb7+ Rxd5 35. Rxb2 Bf3+ 36. Kg1 Rd1 37. Rxd1 Bxd1 38. Rb7 Bf3 39. Rd7
Bg4 40. Re7 Bf3 41. Kf2 Bd5 42. g4 h6 43. h4 g5 44. hxg5 hxg5 45. Re5 Ba2 46.
Rxg5+ Kf7 47. Ra5 Bb1 48. Ra6 Bd3 49. Rb6 Kg7 50. Ke3 Bc2 51. Kf4 Bd1 52. Kg5
Bf3 53. Ra6 Be2 54. Ra7+ Kg8 55. Kf6 Bxg4 56. Rg7+ Kh8 57. Rxg4 1-0

[Event "OLNO 1819 SF Berlin III - SC Weisse Dam"]
[Site "?"]
[Date "2019.03.24"]
[Round "8.6"]
[White "Lachmann, Utz"]
[Black "Venske, Kai-Gerrit"]
[Result "1-0"]
[WhiteElo "2178"]
[BlackElo "2175"]
[PlyCount "79"]
[EventDate "2019.??.??"]

1. e4 d5 2. exd5 Qxd5 3. Nc3 Qa5 4. d4 Nf6 5. Nf3 c6 6. Bd3 Bg4 7. h3 Bh5 8.
Bf4 e6 9. O-O Qd8 10. Re1 Bb4 11. a3 Ba5 12. b4 Bb6 13. g4 Bg6 14. Be5 O-O 15.
Bxg6 hxg6 16. Qe2 Bc7 17. Rad1 Nbd7 18. Ne4 Nxe4 19. Qxe4 Nb6 20. Rd3 Qc8 21.
h4 Bd8 22. Bd6 Re8 23. h5 g5 24. Ne5 f5 25. Qf3 Nd5 26. c4 Nf6 27. Rde3 f4 28.
R3e2 Bb6 29. Qd3 Nd7 30. Qg6 Bxd4 31. Qf7+ Kh8 32. Nxd7 Qd8 33. c5 a5 34. h6
axb4 35. hxg7+ Bxg7 36. axb4 f3 37. Rxe6 Rxe6 38. Rxe6 Ra1+ 39. Kh2 Ra8 40. Nb6
1-0

[Event "OLNO 1819 SF Berlin III - SC Weisse Dam"]
[Site "?"]
[Date "2019.03.24"]
[Round "8.7"]
[White "Mohrmann, Ralf"]
[Black "Offermann, Fernando"]
[Result "0-1"]
[WhiteElo "2049"]
[BlackElo "2156"]
[PlyCount "108"]
[EventDate "2019.??.??"]

1. d4 Nf6 2. c4 g6 3. Nc3 Bg7 4. e4 O-O 5. Be3 d6 6. f3 c5 7. Nge2 Nc6 8. Qd2
Qa5 9. h3 Nd7 10. f4 cxd4 11. Nxd4 Nc5 12. Rd1 Bd7 13. a3 Nxd4 14. Bxd4 Nb3 15.
Qf2 Nxd4 16. Rxd4 Bxd4 17. Qxd4 Bc6 18. Be2 Qc5 19. Qd3 a5 20. Rf1 f5 21. g4 e6
22. h4 Rae8 23. h5 fxe4 24. Nxe4 Bxe4 25. Qxe4 d5 26. Qe5 Qe7 27. hxg6 hxg6 28.
g5 Qg7 29. Qe3 e5 30. cxd5 exf4 31. Qb3 Qe5 32. d6+ Kg7 33. Rf2 Qxd6 34. Kf1 b6
35. Qf3 Re3 36. Qb7+ Rf7 37. Qa8 f3 38. Rxf3 Rexf3+ 39. Bxf3 Qd3+ 40. Kg2 Qd2+
41. Kg3 Qf4+ 42. Kf2 Qd2+ 43. Kg3 Qxg5+ 44. Bg4 Qe5+ 45. Kh3 Qxb2 46. Qd5 Qxa3+
47. Kh4 Qe7+ 48. Kg3 Qe1+ 49. Kh3 Qe3+ 50. Kh4 Qh6+ 51. Kg3 Qf4+ 52. Kh3 Re7
53. Qc6 Re3+ 54. Kh4 Qh6+ 0-1

[Event "OLNO 1819 SF Berlin III - SC Weisse Dam"]
[Site "?"]
[Date "2019.03.24"]
[Round "8.8"]
[White "Mcgowan, Daniel"]
[Black "Mahn, Franko"]
[Result "0-1"]
[WhiteElo "2157"]
[BlackElo "2149"]
[PlyCount "54"]
[EventDate "2019.??.??"]

1. e4 e6 2. d4 d5 3. Nd2 Nc6 4. Ngf3 Nf6 5. e5 Nd7 6. Nb3 f6 7. Bd3 fxe5 8.
dxe5 Ndxe5 9. Nxe5 Nxe5 10. Qh5+ Nf7 11. O-O g6 12. Qe2 Bg7 13. c4 O-O 14. cxd5
exd5 15. Bf4 c6 16. Rae1 Qf6 17. Bc1 Ne5 18. h3 Nxd3 19. Qxd3 Bf5 20. Qg3 Rae8
21. Bg5 Qf7 22. Qh4 Bd3 23. Rxe8 Rxe8 24. Rd1 Bc2 25. Rd2 Bxb3 26. axb3 Re4 27.
Qg3 Be5 0-1

[Event "OLNO 1819 TSG Oberschöneweide - SV Empo"]
[Site "?"]
[Date "2019.03.24"]
[Round "8.1"]
[White "Thinius, Marco"]
[Black "Rosenthal, Dirk"]
[Result "1-0"]
[WhiteElo "2401"]
[BlackElo "2401"]
[PlyCount "61"]
[EventDate "2019.??.??"]

1. Nf3 d5 2. g3 c5 3. Bg2 Nc6 4. d4 e6 5. O-O Nf6 6. c4 cxd4 7. Nxd4 Bc5 8. Nb3
Be7 9. cxd5 Nxd5 10. Bd2 e5 11. Nc3 Be6 12. Rc1 Rc8 13. Nxd5 Bxd5 14. Ba5 Bxb3
15. Qxb3 Nxa5 16. Qb5+ Nc6 17. Qxb7 O-O 18. Rxc6 Rb8 19. Qxa7 Ra8 20. Qe3 Rxa2
21. Qb3 Ra8 22. Rd1 Qb8 23. Rb6 Qc8 24. Bd5 Qc5 25. e3 Ra7 26. Rc6 Qa5 27. Qc4
g6 28. h4 Qb4 29. Qc2 Kg7 30. Kg2 h5 31. Bxf7 1-0

[Event "OLNO 1819 TSG Oberschöneweide - SV Empo"]
[Site "?"]
[Date "2019.03.24"]
[Round "8.2"]
[White "Schoewel, Matthias"]
[Black "Foerster, Jonas"]
[Result "1-0"]
[WhiteElo "2215"]
[BlackElo "2285"]
[PlyCount "119"]
[EventDate "2019.??.??"]

1. e4 c5 2. Nf3 d6 3. Nc3 Nc6 4. d4 cxd4 5. Nxd4 Nf6 6. Be2 e5 7. Nf3 h6 8. O-O
Be7 9. Be3 O-O 10. h3 Be6 11. Qd2 a6 12. Nh2 d5 13. exd5 Nxd5 14. Nxd5 Qxd5 15.
Qxd5 Bxd5 16. Rfd1 Be6 17. a3 Rac8 18. Rac1 Rfd8 19. Bb6 Rxd1+ 20. Rxd1 f5 21.
Nf1 Nb8 22. Ne3 Nd7 23. Bc4 Bxc4 24. Rxd7 Bg5 25. Rxb7 Bxe3 26. fxe3 Rc6 27.
Bc7 Bd5 28. Bxe5 Rxc2 29. Rxg7+ Kf8 30. Rg6 Kf7 31. Rxa6 Rxg2+ 32. Kf1 Bc4+ 33.
Kxg2 Bxa6 34. Kg3 Bc4 35. Kf4 Ke6 36. b4 Bb5 37. Bg7 h5 38. h4 Ba4 39. Kg5 Bd1
40. b5 Kd5 41. Kxf5 Kc5 42. e4 Bc2 43. Ke5 Kxb5 44. Kd5 Kb6 45. e5 Kc7 46. e6
Bb3+ 47. Ke5 Kd8 48. Kd6 Bc4 49. Bf6+ Ke8 50. Bg5 Bb3 51. e7 Bc2 52. Kc5 Kd7
53. Kb6 Ba4 54. Ka5 Bc6 55. Kb4 Kd6 56. a4 Bd7 57. a5 Kc6 58. Kc4 Be8 59. Kd4
Kd6 60. a6 1-0